|
|
|
|
| LEADER |
00837nam a2200229 a 4500 |
| 001 |
15342 |
| 008 |
130528t20061966ii a b 000 0 eng d |
| 040 |
|
|
|a DLC
|c DLC
|d DLC
|d BD-DhAAL
|
| 082 |
0 |
0 |
|a 330.9/172/4
|
| 100 |
1 |
|
|a Jhingan, M. L.
|
| 245 |
1 |
4 |
|a The economics of development and planning /
|c M. L. Jhingan.
|
| 250 |
|
|
|a 36th rev. & enl. ed.
|
| 260 |
|
|
|a New Delhi :
|b Vrinda publications,
|c c1997.
|
| 300 |
|
|
|a xix, 864 p. :
|b diagrs. ;
|c 24 cm.
|
| 500 |
|
|
|a Bibliobgraphy: p. 860-863.
|
| 541 |
|
|
|e 15342
|
| 650 |
|
0 |
|a Economic development.
|
| 650 |
|
0 |
|a Economic policy.
|
| 651 |
|
0 |
|a India
|x Economic policy.
|
| 852 |
1 |
|
|a Ayesha Abed Library
|j General shelf.
|
| 999 |
|
|
|c 13506
|d 13506
|
| 952 |
|
|
|0 0
|1 0
|2 ddc
|4 1
|6 330_900000000000000_172_4_JHI
|7 0
|9 22547
|a BRACUL
|b BRACUL
|c SPS
|d 2013-05-30
|l 0
|o 330.91724 JHI
|p 3010015342
|r 2013-05-30
|t 1
|w 2013-05-30
|y BK
|